Scènes films marvel - Statistiques

Statistiques générales
  • Ce quiz a été pris 465 fois
    462 depuis la dernière actualisation
  • Le résultat moyen est 8 sur 12
Statistiques - réponses
Par images Réponse % Correct
Antman
97%
Iron man 1
83%
Thor Ragnarok
76%
Captain marvel
74%
Black widow
73%
Avengers endgame
68%
Spider-man far from home
68%
Captain america first avenger
63%
Black panther wakanda forever
53%
The marvels
47%
Doctor strange in the multiverse of madness
45%
Guardians of the galaxy 3
12%
Aucun quiz correspondant
Distribution des résultats
% des personnes avec chaque résultat
Percentile par nombre de réponses
Votre historique - résultats
Vous n’avez pas pris ce quiz depuis la dernière actualisation